000 00358nam a2200145 i 4500
001 bg
100 1 _aROJEK, Zofia.
245 1 0 _aWykonywanie izolacji przeciwwodnych /
_cZofia Rojek, Antoni Gudaj.
260 _aWarszawa,
_c1980.
700 1 _aGUDAJ, Antoni.
040 _cBPK
041 _apol
942 _cKS
008 s pl f |000 0 pol
999 _c19343
_d19343
856 _uhttp://koha.tu.koszalin.pl/cgi-bin/koha/opac-detail.pl?biblionumber=19343
_yKatalog online BPK